[Event "HUN-chT 0405"]
[Site "Hungary"]
[Date "2004.09.26"]
[Round "1"]
[White "Vujosevic, Vladimir"]
[Black "Stohl, Igor"]
[Result "1/2-1/2"]
[WhiteElo "2374"]
[BlackElo "2581"]
[PlyCount "28"]
[EventDate "2004.09.26"]
[EventType "team-tourn"]
[EventRounds "11"]
[EventCountry "HUN"]
[SourceTitle "EXT 2011"]
[Source "ChessBase"]
[SourceDate "2010.11.26"]
[SourceVersion "1"]
[SourceVersionDate "2010.11.26"]
[SourceQuality "1"]
[WhiteTeam "PMSE"]
[BlackTeam "Csuti Hydro"]
[WhiteTeamCountry "HUN"]
[BlackTeamCountry "HUN"]

1. e4 c6 2. d3 d5 3. Nd2 g6 4. Ngf3 Bg7 5. Be2 e5 6. 0-0 Ne7 7. b4 0-0 8. Bb2 Qc7 9. Re1 b6 10. Bf1 Nd7 11. d4 exd4 12. Bxd4 Nf6 13. Be5 Qd8 14. exd5 Nexd5 1/2-1/2

[Event "HUN-chT2 Charousek 0304"]
[Site "Hungary"]
[Date "2004.04.04"]
[Round "10"]
[White "Vujosevic, Vladimir"]
[Black "Kis, Jozsef1111"]
[Result "1-0"]
[WhiteElo "2337"]
[BlackElo "2190"]
[PlyCount "67"]
[EventDate "2003.09.28"]
[EventType "team"]
[EventRounds "11"]
[EventCountry "HUN"]
[SourceTitle "EXT 2005"]
[Source "ChessBase"]
[SourceDate "2004.11.15"]
[SourceVersion "1"]
[SourceVersionDate "2004.11.15"]
[SourceQuality "1"]

1. e4 c5 2. Nf3 d6 3. d4 cxd4 4. Qxd4 Nc6 5. Bb5 Bd7 6. Bxc6 Bxc6 7. Nc3 Nf6 8. Bg5 e6 9. 0-0-0 Be7 10. Rhe1 0-0 11. Qd2 Qc7 12. Nd4 Rfd8 13. f3 a6 14. g4 Rac8 15. Kb1 b5 16. Nce2 Bb7 17. Ng3 d5 18. e5 Ne8 19. h4 Rd7 20. Bxe7 Rxe7 21. f4 Qd8 22. f5 Rc4 23. f6 Rec7 24. Nh5 Rxd4 25. Qxd4 Rc4 26. Qd2 Rxg4 27. Rg1 Rxg1 28. Rxg1 g6 29. Qd4 Qc7 30. b3 Bc8 31. Nf4 Qd7 32. h5 Nc7 33. hxg6 fxg6 34. Nxg6 1-0

[Event "HUN-chT2 Charousek 0304"]
[Site "Hungary"]
[Date "2004.03.21"]
[Round "9"]
[White "Horvath, Imre"]
[Black "Vujosevic, Vladimir"]
[Result "0-1"]
[WhiteElo "2312"]
[BlackElo "2337"]
[PlyCount "40"]
[EventDate "2003.09.28"]
[EventType "team"]
[EventRounds "11"]
[EventCountry "HUN"]
[SourceTitle "EXT 2005"]
[Source "ChessBase"]
[SourceDate "2004.11.15"]
[SourceVersion "1"]
[SourceVersionDate "2004.11.15"]
[SourceQuality "1"]

1. Nf3 d5 2. d4 Nf6 3. Bf4 e6 4. e3 Be7 5. Bd3 b6 6. Ne5 Bb7 7. Nd2 Nbd7 8. Bb5 Qc8 9. Nxd7 Nxd7 10. Qg4 c6 11. Bd3 g5 12. Bxg5 Rg8 13. h4 h6 14. Nf3 hxg5 15. hxg5 Qc7 16. Rh7 Nf6 17. Qh3 Nxh7 18. Qxh7 0-0-0 19. 0-0-0 Bxg5 20. Rh1 Bf6 0-1